[Event "34th Chess Olympiad (women)"]
[Site "Istanbul"]
[Date "2000.10.31"]
[Round "4.1.2"]
[White "Xu, Yuhua"]
[Black "Sziva, Erika"]
[WhiteElo "2505"]
[BlackElo "2311"]
[WhiteCountry "CHN"]
[BlackCountry "NED"]
[Result "1/2-1/2"]

1. e4 g6 2. d4 Bg7 3. Nc3 c6 4. Bc4 d6 5. Nf3 Nf6 6. Bb3 O-O 7. a4 d5 
8. exd5 cxd5 9. O-O Bg4 10. h3 Bxf3 11. Qxf3 e6 12. Ne2 Nc6 13. c3 Rc8 
14. Ng3 Na5 15. Bc2 Nd7 16. Rd1 a6 17. Bf4 Qf6 18. Qe3 Nc4 19. Qc1 Qd8 
20. b3 Na5 21. Qd2 Re8 22. Qd3 f5 23. Re1 Nc6 24. Re2 e5 25. dxe5 Ndxe5 
26. Bxe5 Nxe5 27. Qd2 Nf7 28. Rd1 Bxc3 29. Rxe8+ Qxe8 30. Qxd5 Qc6 31. Ne2 Qxd5 
32. Rxd5 Bf6 33. Bb1 Kf8 34. g3 Rd8 35. Nf4 Rxd5 36. Nxd5 Bd4 37. Kg2 Ke8 
38. g4 fxg4 39. hxg4 a5 40. f4 Nd6 41. Bd3 Kf7 
1/2-1/2

[Event "34th Chess Olympiad (women)"]
[Site "Istanbul"]
[Date "2000.10.31"]
[Round "4.1.3"]
[White "Jap, Tjoen San Linda"]
[Black "Wang, Lei"]
[WhiteElo "2210"]
[BlackElo "2498"]
[WhiteCountry "NED"]
[BlackCountry "CHN"]
[Result "1/2-1/2"]

1. e4 c5 2. Nf3 Nc6 3. d4 cxd4 4. Nxd4 Nf6 5. Nc3 d6 6. Be2 g6 7. O-O Bg7 
8. Nb3 O-O 9. Bg5 a6 10. f4 b5 11. Bf3 Bb7 12. Kh1 Nd7 13. Rb1 Re8 14. Nd5 a5 
15. Nc1 Nd4 16. Bg4 f5 17. Bh3 fxe4 18. Ne3 Nf8 19. c3 Nde6 20. Bh4 Bf6 
21. Bxf6 exf6 22. f5 Ng5 23. Bg4 Nf7 24. Ne2 g5 25. Bh5 Re7 26. Bxf7+ Rxf7 
27. Qd4 Ra6 28. Ng3 Qb6 29. Rbd1 Nd7 30. Nxe4 Qxd4 31. Rxd4 Re7 32. Nxd6 Bc6 
33. Nd5 Re2 34. Rfd1 Rxb2 35. Ne4 Bxd5 36. Rxd5 Ne5 37. Nxf6+ Rxf6 38. Rxe5 Rd6 
39. Rf1 Rf2 40. Kg1 Rxf1+ 41. Kxf1 Rd2 42. Rxb5 Rxa2 43. h3 a4 44. Ra5 Kg7 
45. Ra6 Rc2 46. Rxa4 Rxc3 47. Ra5 Kf6 48. Kf2 h5 49. Rb5 
1/2-1/2

[Event "34th Chess Olympiad (women)"]
[Site "Istanbul"]
[Date "2000.10.31"]
[Round "4.2.2"]
[White "Kovalevskaya, Ekaterina"]
[Black "Ioseliani, Nana"]
[WhiteElo "2475"]
[BlackElo "2476"]
[WhiteCountry "RUS"]
[BlackCountry "GEO"]
[Result "1/2-1/2"]

1. e4 c5 2. Nf3 Nc6 3. Bb5 g6 4. Bxc6 dxc6 5. d3 Bg7 6. h3 b6 7. Nc3 Nh6 
8. Bf4 f6 9. e5 O-O 10. Qe2 Nf5 11. Qe4 Nd4 12. Nxd4 cxd4 13. Qxc6 dxc3 
14. Qxa8 cxb2 15. Rb1 Qd4 16. Qe4 Qc3+ 17. Bd2 Qxc2 18. Qc4+ Qxc4 19. dxc4 Ba6 
20. Rxb2 Bxc4 21. Rc2 b5 22. Be3 fxe5 23. Bxa7 e4 24. Be3 Ra8 25. Kd2 Bd3 
26. Rhc1 Kf7 27. Kd1 Bxc2+ 28. Rxc2 Ke6 29. Rc6+ Kd7 30. Rb6 Ra5 31. Bd2 Rxa2 
32. Rxb5 Kc6 33. Ra5 
1/2-1/2

[Event "34th Chess Olympiad (women)"]
[Site "Istanbul"]
[Date "2000.10.31"]
[Round "4.2.3"]
[White "Khurtsidze, Nino"]
[Black "Matveeva, Svetlana"]
[WhiteElo "2481"]
[BlackElo "2440"]
[WhiteCountry "GEO"]
[BlackCountry "RUS"]
[Result "1-0"]

1. d4 Nf6 2. c4 g6 3. Nf3 Bg7 4. g3 d5 5. cxd5 Nxd5 6. Bg2 Nb6 7. O-O Nc6 
8. e3 O-O 9. Nc3 Re8 10. h3 e5 11. d5 Na5 12. e4 c6 13. dxc6 Nxc6 14. Bg5 f6 
15. Be3 Be6 16. b3 Qc8 17. Nb5 Rd8 18. Qe2 Nd7 19. Rac1 Qb8 20. Rfd1 Bf8 
21. Rc2 Bb4 22. Kh2 Nf8 23. Nc3 Rxd1 24. Qxd1 Bxc3 25. Rxc3 Qc7 26. b4 Rd8 
27. Qc1 Qd7 28. a3 a6 29. Nd2 Qf7 30. Nc4 Nd4 31. Bf1 Nb5 32. Rc2 Nd4 
33. Rc3 Nb5 34. Rc2 Nd4 35. Bxd4 Rxd4 36. Nb6 Qe7 37. Rc7 Qd8 38. Rxb7 Rd2 
39. Qc5 Qd4 40. Qxd4 exd4 41. Kg2 f5 42. exf5 Bxf5 43. Bc4+ Ne6 44. Kf3 Kh8 
45. g4 Ng5+ 46. Kf4 Nxh3+ 47. Kg3 Bxg4 48. Kxg4 Nxf2+ 49. Kf3 h5 50. Nd5 Ng4 
51. Ke4 d3 52. Nf4 
1-0

[Event "34th Chess Olympiad (women)"]
[Site "Istanbul"]
[Date "2000.10.31"]
[Round "4.3.1"]
[White "Maric, Alisa"]
[Black "Mazakova, Petra"]
[WhiteElo "2435"]
[BlackElo "2319"]
[WhiteCountry "YUG"]
[BlackCountry "CZE"]
[Result "1/2-1/2"]

1. Nf3 Nf6 2. c4 g6 3. Nc3 d5 4. cxd5 Nxd5 5. Qa4+ Bd7 6. Qh4 Nxc3 7. dxc3 Nc6 
8. e4 e5 9. Bg5 Be7 10. Bc4 h6 11. Bxe7 Qxe7 12. Qg3 g5 13. O-O O-O-O 
14. Rad1 f6 15. Nd2 Be6 16. b3 Rd7 17. Bxe6 Qxe6 18. Nc4 Rhd8 19. Rxd7 Rxd7 
20. Qf3 Ne7 21. Qh5 Ng8 22. Ne3 Qf7 23. Qh3 Kd8 24. Qg4 h5 25. Qe2 h4 
26. Qb5 c6 27. Qc5 a6 28. Nc4 Qe6 29. Qa7 Ke8 30. Nb6 Re7 31. f3 h3 32. g3 Qd6 
33. Nc4 Qd8 34. Qf2 Rd7 35. Re1 Rd3 36. Qf1 b5 37. Ne3 Rxc3 38. Nf5 Qd2 
39. Rd1 Qc2 40. Re1 Qd2 41. Rd1 Qc2 42. Re1 Qd2 43. Rd1 Qc2 
1/2-1/2

[Event "34th Chess Olympiad (women)"]
[Site "Istanbul"]
[Date "2000.10.31"]
[Round "4.3.2"]
[White "Jackova, Jana"]
[Black "Bojkovic, Natasa"]
[WhiteElo "2358"]
[BlackElo "2429"]
[WhiteCountry "CZE"]
[BlackCountry "YUG"]
[Result "0-1"]

1. e4 c5 2. Nf3 d6 3. d4 cxd4 4. Nxd4 Nf6 5. Nc3 a6 6. Bc4 e6 7. Be3 b5 
8. Bd3 Bb7 9. f3 Nbd7 10. a4 b4 11. Nb1 d5 12. exd5 Nxd5 13. Bf2 Qg5 14. g3 Bc5 
15. Be4 Rd8 16. Qd2 Qe5 17. O-O N7f6 18. Re1 Nxe4 19. Rxe4 Qc7 20. Qg5 O-O 
21. Rg4 g6 22. Nd2 f5 23. Kf1 fxg4 24. Nxe6 Qe7 25. Bxc5 Qxe6 26. Bxf8 Rxf8 
27. Re1 Qc8 
0-1

[Event "34th Chess Olympiad (women)"]
[Site "Istanbul"]
[Date "2000.10.31"]
[Round "4.3.3"]
[White "Chelushkina, Irina"]
[Black "Sikorova, Olga"]
[WhiteElo "2410"]
[BlackElo "2203"]
[WhiteCountry "YUG"]
[BlackCountry "CZE"]
[Result "1-0"]

1. c4 c5 2. Nc3 Nc6 3. Nf3 g6 4. e3 Bg7 5. d4 cxd4 6. exd4 d6 7. Be2 Bg4 
8. O-O Nh6 9. d5 Bxf3 10. Bxf3 Ne5 11. Be2 Rc8 12. Qb3 b6 13. Nb5 Qd7 
14. Bxh6 Bxh6 15. f4 Ng4 16. Qh3 f5 17. Bxg4 fxg4 18. Qxh6 Rxc4 19. Nc3 Qf5 
20. Qg5 Qd3 21. Rae1 Rc7 22. Qxg4 
1-0

[Event "34th Chess Olympiad (women)"]
[Site "Istanbul"]
[Date "2000.10.31"]
[Round "4.4.1"]
[White "Hoang, Thanh"]
[Black "Botsari, Anna-Maria"]
[WhiteElo "2489"]
[BlackElo "2325"]
[WhiteCountry "VIE"]
[BlackCountry "GRE"]
[Result "1-0"]

1. d4 d5 2. c4 Nc6 3. cxd5 Qxd5 4. e3 e5 5. Nc3 Bb4 6. Bd2 Bxc3 7. bxc3 Nf6 
8. Qb3 Qd6 9. Bc1 Be6 10. Ba3 Bxb3 11. Bxd6 cxd6 12. axb3 O-O 13. Bd3 Rfc8 
14. Ne2 a6 15. Kd2 g6 16. f3 h5 17. b4 Nd5 18. Rhb1 b5 19. e4 Nb6 20. d5 Nb8 
21. Ra5 N8d7 22. Rba1 Na4 23. c4 bxc4 24. R1xa4 cxd3 25. Kxd3 Nb6 26. Ra2 Nc4 
27. R5a4 Kg7 28. b5 Nb6 29. Rxa6 Rab8 30. Rc2 Rc5 31. Rxc5 dxc5 32. Kc3 f5 
33. Nc1 fxe4 34. fxe4 Kf6 35. Nd3 c4 36. Nb2 Kg5 37. Nxc4 Nd7 38. Kb4 Kf4 
39. Ra7 Rd8 40. Na5 Nb6 41. Nc6 Rf8 42. Kc5 Nc8 43. b6 Kxe4 44. Ra4+ 
1-0

[Event "34th Chess Olympiad (women)"]
[Site "Istanbul"]
[Date "2000.10.31"]
[Round "4.4.2"]
[White "Makropoulou, Marina"]
[Black "Le, Kieu Thien Kim"]
[WhiteElo "2284"]
[BlackElo "2331"]
[WhiteCountry "GRE"]
[BlackCountry "VIE"]
[Result "1-0"]

1. e4 Nf6 2. e5 Nd5 3. d4 d6 4. c4 Nb6 5. exd6 cxd6 6. Nc3 g6 7. a4 Bg7 
8. a5 N6d7 9. Nf3 Nc6 10. Ra3 O-O 11. Be2 Nxa5 12. d5 b6 13. b4 Nb7 14. Nd4 a6 
15. Nc6 Qc7 16. Nb5 axb5 17. Rxa8 bxc4 18. Bxc4 Ne5 19. Bb5 Bg4 20. Rxf8+ Kxf8 
21. Qa4 Nxc6 22. Bxc6 Nd8 23. O-O e6 24. b5 Bf5 25. g4 Bd3 26. Rd1 Be2 
27. Re1 Nxc6 28. dxc6 Bf3 29. Qa8+ Ke7 30. Bg5+ Bf6 31. Ra1 
1-0

[Event "34th Chess Olympiad (women)"]
[Site "Istanbul"]
[Date "2000.10.31"]
[Round "4.4.3"]
[White "Nguyen, Thi"]
[Black "Kouvatsou, Maria"]
[WhiteElo "2281"]
[BlackElo "2223"]
[WhiteCountry "VIE"]
[BlackCountry "GRE"]
[Result "1-0"]

1. d4 Nf6 2. Nf3 g6 3. c4 Bg7 4. Nc3 d6 5. e4 O-O 6. Be2 Nc6 7. d5 Nb8 
8. Bg5 Nbd7 9. O-O Nc5 10. Qc2 a5 11. Rad1 Bd7 12. Rfe1 Qb8 13. h3 c6 
14. Bf1 Rc8 15. Nd4 a4 16. Qc1 Qa7 17. Bh6 Bh8 18. Qf4 Qb6 19. Rd2 Qb4 
20. a3 Qa5 21. Qe3 Ra6 22. Ree2 Rb6 23. f4 cxd5 24. e5 dxe5 25. fxe5 Nfe4 
26. Nxd5 Re8 27. Nxb6 Nxd2 28. Nxd7 Nxf1 29. Kxf1 Nxd7 30. e6 Ne5 31. Bf4 f6 
32. Bxe5 fxe5 33. Nb5 Qa6 34. Qa7 Qxe6 35. Qxa4 Rf8+ 36. Ke1 Qf5 37. Nc3 Bf6 
38. Ne4 Bh4+ 39. Kd2 Rd8+ 40. Kc3 Qf1 41. Qc2 Rd4 42. Kb3 b5 43. Nc3 bxc4+ 
44. Ka2 Bf6 45. Nb5 Rd1 46. Qxc4+ Kg7 47. Nc3 e4 48. Nxd1 Qxd1 49. Qxe4 h5 
50. a4 Qd6 51. Qc4 Bd4 52. Rxe7+ Qxe7 53. Qxd4+ Kf7 54. Qd5+ Kf6 55. a5 Qb4 
56. b3 Qe1 57. Ka3 Ke7 58. Ka4 Qe2 59. Qb7+ Kd6 60. Qb6+ Ke7 61. a6 Qa2+ 
62. Kb4 Qd2+ 63. Kb5 Qd3+ 64. Ka4 Qd7+ 65. Qb5 Qd2 66. Qb4+ 
1-0

[Event "34th Chess Olympiad (women)"]
[Site "Istanbul"]
[Date "2000.10.31"]
[Round "4.5.1"]
[White "Uskova, Fliura"]
[Black "Hunt, Harriet"]
[WhiteElo "2285"]
[BlackElo "2454"]
[WhiteCountry "KAZ"]
[BlackCountry "ENG"]
[Result "1/2-1/2"]

1. Nf3 Nf6 2. g3 d5 3. Bg2 c6 4. O-O Bg4 5. c4 e6 6. d3 Be7 7. a3 a5 8. b3 Nbd7 
9. Bb2 O-O 10. Nbd2 Qb8 11. Re1 Rd8 12. Qc2 e5 13. h3 Bh5 14. Rac1 Ne8 
15. Nf1 Qd6 16. Ne3 Qe6 17. cxd5 cxd5 18. Nd2 Ndf6 19. Nf3 Nd7 20. Nd2 Ndf6 
1/2-1/2

[Event "34th Chess Olympiad (women)"]
[Site "Istanbul"]
[Date "2000.10.31"]
[Round "4.5.2"]
[White "Houska, Jovanka"]
[Black "Klink, Tamara"]
[WhiteElo "2279"]
[BlackElo "2336"]
[WhiteCountry "ENG"]
[BlackCountry "KAZ"]
[Result "0-1"]

1. e4 c5 2. Nf3 Nc6 3. Bb5 g6 4. Bxc6 bxc6 5. O-O Bg7 6. Re1 Nh6 7. c3 f6 
8. h3 Nf7 9. d4 cxd4 10. cxd4 O-O 11. Nc3 d6 12. Qc2 e5 13. Be3 f5 
14. dxe5 Nxe5 15. Nxe5 Bxe5 16. f4 Bg7 17. Rad1 Qe7 18. Bf2 Be6 19. exf5 gxf5 
20. Re2 Rfe8 21. Qa4 Qd7 22. Qa3 d5 23. Na4 Bf7 24. Rc2 Qc7 25. Qg3 Re6 
26. Nc5 Rg6 27. Qf3 Re8 28. Nd3 Re4 29. Rdc1 d4 30. Rc5 Qd7 31. Nb4 Bf8 
32. Nd3 Bxc5 33. Rxc5 Bd5 34. Qh5 Qf7 35. Qh4 Qf6 36. Qxf6 Rxf6 37. Ra5 Bc4 
38. Nc5 Rd6 39. Nxe4 fxe4 40. Ra4 d3 41. Be3 Bf7 42. Bd2 e3 43. Bxe3 d2 
44. Bxd2 Rxd2 45. b3 Bd5 46. g4 Rg2+ 47. Kf1 Rh2 48. Rxa7 Rxh3 49. Ke2 Bf3+ 
50. Ke3 Bxg4+ 51. Ke4 h5 52. Ke5 Re3+ 53. Kf6 Re6+ 54. Kg5 Kf8 55. a4 Re7 
56. Ra6 Rg7+ 57. Kh4 Bf3 58. Rb6 Ra7 59. Kg3 Be4 60. Kh4 Ra5 61. b4 Rxa4 
62. Kxh5 Ke7 63. Kg5 Kd8 64. Rb7 Kc8 65. Re7 Rxb4 66. f5 Bd5 67. f6 Rb7 
68. Re8+ Kc7 69. Kg6 Kd6 70. Rd8+ Rd7 71. Ra8 c5 72. Ra5 c4 73. Kf5 c3 
74. Ra6+ Kc5 75. Ke5 c2 76. Ra5+ Kc4 
0-1

[Event "34th Chess Olympiad (women)"]
[Site "Istanbul"]
[Date "2000.10.31"]
[Round "4.5.3"]
[White "Sergeeva, Maria"]
[Black "Richards, Heather"]
[WhiteElo "2277"]
[BlackElo "2109"]
[WhiteCountry "KAZ"]
[BlackCountry "ENG"]
[Result "1-0"]

1. e4 e6 2. d4 d5 3. Nc3 Bb4 4. e5 c5 5. a3 Bxc3+ 6. bxc3 Qa5 7. Bd2 Qa4 
8. Nf3 b6 9. h4 Ba6 10. h5 h6 11. Rh4 Bxf1 12. Kxf1 Ne7 13. dxc5 Qb5+ 
14. c4 dxc4 15. Qe2 Qxc5 16. Bb4 Qc7 17. Rxc4 Qb7 18. Bd6 Nbc6 19. Qe4 Rc8 
20. Rd1 Nd5 21. Rxd5 exd5 22. Qxd5 Qd7 23. Rf4 Qe6 24. Qb5 Qd7 25. Qd3 Qe6 
26. Nh4 Rg8 27. Nf5 Qa2 28. g3 Qe6 29. Kg1 g5 30. Rg4 Na5 31. Ne3 Rc6 
32. Nd5 f5 33. Rd4 Kf7 34. Nc7 Rxc7 35. Bxc7 Nb7 36. Qf3 Nc5 37. Rd6 Qc8 
38. Qd5+ Kg7 39. Rg6+ Kh8 40. Rxh6+ Kg7 41. Qd6 Ne4 42. Qg6+ Kf8 43. Bd6+ Nxd6 
44. Qxd6+ Kf7 45. Rh7+ 
1-0

[Event "34th Chess Olympiad (women)"]
[Site "Istanbul"]
[Date "2000.10.31"]
[Round "4.6.1"]
[White "Skripchenko-Lautier, Almira"]
[Black "Vijayalakshmi, Subbaraman"]
[WhiteElo "2450"]
[BlackElo "2378"]
[WhiteCountry "MDA"]
[BlackCountry "IND"]
[Result "1/2-1/2"]

1. e4 e5 2. Nf3 Nc6 3. d4 exd4 4. Nxd4 Nf6 5. Nxc6 bxc6 6. e5 Qe7 7. Qe2 Nd5 
8. c4 Ba6 9. b3 g5 10. g3 Bg7 11. Bb2 O-O-O 12. Nd2 Nb4 13. Kd1 c5 14. Bg2 Nc6 
15. Bxc6 dxc6 16. Bc3 Kb8 17. Re1 Rhe8 18. Qe4 Qd7 19. Re2 Bc8 20. Kc2 f5 
21. Qe3 f4 22. gxf4 gxf4 23. Qe4 Qh3 24. Kb2 Rd3 25. Rg1 Bh6 26. Ba5 Bd7 
27. Qxh7 f3 28. Qxd3 fxe2 29. Qxe2 Qxh2 30. Re1 Rf8 31. f3 Qh4 32. Ne4 Bg7 
33. Bc3 Bf5 34. Nxc5 Bg4 35. Rd1 Rxf3 36. Rd2 Rxc3 37. Qxg4 Qxg4 38. Rd8+ Qc8 
39. Rxc8+ Kxc8 40. Kxc3 Bxe5+ 41. Kd3 Kd8 42. Na6 Kd7 43. c5 Kc8 44. Kc4 Bf4 
45. Nb4 Kb7 46. Nd3 Bd2 47. Kd4 Ka6 48. a4 Kb7 49. Ne5 Be1 50. Nd3 Bd2 
51. Kc4 Kc8 52. b4 a6 53. Kb3 Kb7 54. Nb2 Kc8 55. Nc4 Be1 
1/2-1/2

[Event "34th Chess Olympiad (women)"]
[Site "Istanbul"]
[Date "2000.10.31"]
[Round "4.6.3"]
[White "Agababean, Naira"]
[Black "Shah, Pallavi G"]
[WhiteElo "2365"]
[BlackElo "2137"]
[WhiteCountry "MDA"]
[BlackCountry "IND"]
[Result "1-0"]

1. d4 Nf6 2. Bg5 Ne4 3. Bf4 c5 4. f3 Nf6 5. d5 d6 6. e4 g6 7. c4 Bg7 8. Nc3 O-O 
9. Qd2 Nbd7 10. Nge2 a6 11. Nc1 Ne5 12. Be2 Qa5 13. O-O e6 14. Nb3 Qc7 
15. dxe6 Bxe6 16. Nd5 Bxd5 17. cxd5 Rfe8 18. Rfc1 Rac8 19. Na5 Nfd7 20. Rab1 b6 
21. Nc6 Nxc6 22. dxc6 Bd4+ 23. Kh1 Nb8 24. b4 Qxc6 25. b5 Qb7 26. Bxd6 axb5 
27. Bxb5 Red8 28. Qf4 Nc6 29. e5 Re8 30. Re1 Ra8 31. Bc4 Nd8 32. Re4 Kg7 
33. Qf6+ Kg8 34. h4 Ne6 35. h5 gxh5 36. Rh4 Ng7 37. Rf4 Ne6 38. Rf5 Be3 
39. f4 Qe4 40. Qxf7+ Kh8 41. Qf6+ Kg8 42. Rg5+ 
1-0

[Event "34th Chess Olympiad (women)"]
[Site "Istanbul"]
[Date "2000.10.31"]
[Round "4.7.1"]
[White "Baginskaite, Camilla"]
[Black "Foisor, Cristina Adela"]
[WhiteElo "2287"]
[BlackElo "2386"]
[WhiteCountry "USA"]
[BlackCountry "ROM"]
[Result "0-1"]

1. d4 d6 2. c4 g6 3. Nc3 Bg7 4. e4 e5 5. dxe5 dxe5 6. Qxd8+ Kxd8 7. f4 Be6 
8. Nf3 Nd7 9. g3 h6 10. Be3 Ne7 11. O-O-O Kc8 12. Nd5 Nxd5 13. cxd5 Bg4 
14. Bg2 Re8 15. h3 exf4 16. gxf4 Rxe4 17. hxg4 Rxe3 18. g5 h5 19. Rhe1 Rxe1 
20. Rxe1 Kd8 21. Bh3 a5 22. Bf1 a4 23. f5 gxf5 24. Nh4 Be5 25. Nxf5 Ra5 
26. Nh6 Rxd5 27. Nxf7+ Ke7 28. Nxe5 Rxe5 29. Rxe5+ 
0-1

[Event "34th Chess Olympiad (women)"]
[Site "Istanbul"]
[Date "2000.10.31"]
[Round "4.7.2"]
[White "Cosma, Elena Luminita"]
[Black "Shahade, Jennifer"]
[WhiteElo "2360"]
[BlackElo "2238"]
[WhiteCountry "ROM"]
[BlackCountry "USA"]
[Result "0-1"]

1. d4 Nf6 2. Nf3 g6 3. g3 Bg7 4. Bg2 d5 5. O-O O-O 6. c4 dxc4 7. Na3 c3 
8. bxc3 c5 9. e3 Nc6 10. Qe2 Nd5 11. Bb2 Nb6 12. Rac1 Qd5 13. Qb5 Qh5 
14. Nd2 Bd7 15. Qd3 Rfd8 16. Nac4 Bf5 17. e4 cxd4 18. exf5 dxc3 19. Qxd8+ Rxd8 
20. Bxc3 Nxc4 21. Nxc4 Bxc3 22. Rxc3 Qxf5 23. Ne3 Qa5 24. Rb3 Rd7 25. Rfb1 Qxa2 
26. Rxb7 Rxb7 27. Rxb7 Ne5 28. Rxe7 Nd3 29. Nd1 a5 30. Rd7 Qb1 31. Bf3 Ne5 
32. Rd8+ Kg7 33. Be2 Qc2 34. Kf1 Qe4 35. Ke1 Nf3+ 36. Kf1 Nd4 
0-1

[Event "34th Chess Olympiad (women)"]
[Site "Istanbul"]
[Date "2000.10.31"]
[Round "4.7.3"]
[White "Epstein, Esther"]
[Black "Sasu-Ducsoara, Andreea"]
[WhiteElo "2224"]
[BlackElo "2229"]
[WhiteCountry "USA"]
[BlackCountry "ROM"]
[Result "0-1"]

1. e4 c5 2. Nf3 d6 3. d4 cxd4 4. Nxd4 Nf6 5. Nc3 a6 6. f3 e5 7. Nb3 Be7 
8. Be3 Be6 9. Qd2 O-O 10. O-O-O b5 11. g4 b4 12. Nd5 Bxd5 13. exd5 a5 
14. Kb1 a4 15. Nc1 Ra5 16. Bc4 Na6 17. Bxa6 Rxa6 18. Qxb4 Qa8 19. c4 Rc8 
20. h4 Bd8 21. g5 Ba5 22. Qxa4 Bd2 23. Qb3 Bxc1 24. Rxc1 Nd7 25. c5 Nxc5 
26. Bxc5 dxc5 27. Rhd1 Rb8 28. Qc4 Ra4 29. Qc3 Rxa2 30. Qxe5 Ra1+ 31. Kc2 Qa4+ 
32. Kd2 Qb4+ 33. Qc3 Qf4+ 34. Kc2 Qa4+ 35. Kd2 Ra2 36. Rc2 Qxh4 37. Qe5 Qb4+ 
38. Qc3 Qf4+ 39. Qe3 Qb4+ 40. Qc3 Qh4 41. Qe5 Raa8 42. Re1 h6 43. gxh6 Qxh6+ 
44. Qe3 Qf6 45. b3 Rb4 46. Ke2 Rd4 47. Rd2 Rxd2+ 48. Qxd2 Re8+ 49. Kd3 Qxf3+ 
50. Kc4 Qg4+ 51. Kxc5 Rc8+ 52. Kb5 Qd7+ 53. Kb4 Qd6+ 54. Ka4 Ra8+ 55. Kb5 Rb8+ 
56. Ka4 Qa6+ 57. Qa5 Qd3 58. b4 Qc2+ 
0-1

[Event "34th Chess Olympiad (women)"]
[Site "Istanbul"]
[Date "2000.10.31"]
[Round "4.8.1"]
[White "Zhukova, Natalia"]
[Black "Danielian, Elina"]
[WhiteElo "2450"]
[BlackElo "2389"]
[WhiteCountry "UKR"]
[BlackCountry "ARM"]
[Result "1-0"]

1. d4 d5 2. Nf3 Nf6 3. c4 dxc4 4. e3 e6 5. Bxc4 c5 6. O-O a6 7. Bb3 b5 8. a4 b4 
9. Nbd2 Bb7 10. e4 cxd4 11. e5 Nfd7 12. Nc4 Nc6 13. Bg5 Qc7 14. Rc1 Bc5 
15. Nxd4 O-O 16. Nxc6 Bxc6 17. Qg4 Kh8 18. Qg3 Bd5 19. Nd6 Bxb3 20. Qxb3 Qa7 
21. Be7 Nxe5 22. Nxf7+ Rxf7 23. Bxc5 Qb7 24. Rfe1 Rf5 25. Qg3 Ng6 26. Bd6 Re8 
27. h4 a5 28. Rc7 Qd5 29. Rc5 Qd2 30. Rxe6 Rxe6 31. Rc8+ Rf8 32. Bxf8 Qd1+ 
33. Kh2 h5 34. Bxb4+ Kh7 35. Bc3 Qxa4 36. Rc7 Qxh4+ 37. Qxh4 Nxh4 38. Rxg7+ Kh6 
39. Ra7 Re2 40. Ra6+ Kh7 41. Rxa5 
1-0

[Event "34th Chess Olympiad (women)"]
[Site "Istanbul"]
[Date "2000.10.31"]
[Round "4.8.2"]
[White "Mkrtchian, Lilit"]
[Black "Zatonskih, Anna"]
[WhiteElo "2312"]
[BlackElo "2446"]
[WhiteCountry "ARM"]
[BlackCountry "UKR"]
[Result "0-1"]

1. e4 e6 2. d4 d5 3. exd5 exd5 4. c4 Nf6 5. Nc3 Be7 6. cxd5 O-O 7. Bd3 Nbd7 
8. Nge2 Nb6 9. Nf4 h6 10. Qf3 Bg4 11. Qg3 Qd7 12. O-O Bd6 13. h3 Bf5 
14. Qf3 Bxd3 15. Nxd3 Nbxd5 16. Ne5 Qe6 17. Re1 Rfe8 18. Bd2 Nxc3 19. bxc3 Bxe5 
20. dxe5 Nd5 21. c4 Nb6 22. Qxb7 Qxc4 23. Qe4 c5 24. Qe3 Rac8 25. Qg3 Qe6 
26. f4 c4 27. Rf1 Qf5 28. Rac1 Red8 29. Bc3 Rd3 30. Rf3 g6 31. Qf2 Nd5 
32. Qf1 Rxf3 33. Qxf3 Qxf4 34. Qxf4 Nxf4 35. Rc2 Nd3 36. Bd4 a6 37. a3 Kf8 
38. g4 Ke7 39. Kg2 Ne1+ 
0-1

[Event "34th Chess Olympiad (women)"]
[Site "Istanbul"]
[Date "2000.10.31"]
[Round "4.8.3"]
[White "Sedina, Elena"]
[Black "Hlgatian, Goar"]
[WhiteElo "2405"]
[BlackElo "2209"]
[WhiteCountry "UKR"]
[BlackCountry "ARM"]
[Result "1-0"]

1. e4 e6 2. d4 d5 3. e5 c5 4. c3 Nc6 5. Nf3 Qb6 6. a3 Bd7 7. b4 cxd4 
8. cxd4 Rc8 9. Be3 Nh6 10. Bd3 Ng4 11. O-O Be7 12. Ra2 O-O 13. Bc1 f5 
14. exf6ep Bxf6 15. Ng5 Bxg5 16. Bxg5 e5 17. h3 Nf6 18. dxe5 Nxe5 19. Be3 Qe6 
20. Bd4 Nc6 21. Ba1 a6 22. Re1 Qd6 23. Nd2 Rce8 24. Ne4 Nxe4 25. Bxe4 d4 
26. Rae2 Rd8 27. Rd2 Qf4 28. Qc2 Bf5 29. Bxf5 Rxf5 30. Re4 Qd6 31. Bxd4 Rd5 
32. Qb3 Qd7 33. Bc5 Qf7 34. Rxd5 Rxd5 35. Re8+ Qxe8 36. Qxd5+ Kh8 37. g3 h6 
38. Kg2 Qe1 39. Be3 Qc3 40. Qd7 Qxa3 41. Qxb7 Qc3 42. Bc5 Na5 43. Qc8+ Kh7 
44. Qf5+ Kh8 45. bxa5 Qxa5 46. Qe5 Qb5 47. Bd4 Qb7+ 48. Kh2 Kg8 49. h4 Kh8 
50. h5 Qf7 51. f4 Kg8 52. Kh3 Kh8 53. Kg4 Qd7+ 54. f5 a5 55. Kf4 a4 56. f6 
1-0

[Event "34th Chess Olympiad (women)"]
[Site "Istanbul"]
[Date "2000.10.31"]
[Round "4.9.1"]
[White "Reizniece, Dana"]
[Black "Socko, Monika"]
[WhiteElo "2275"]
[BlackElo "2403"]
[WhiteCountry "LAT"]
[BlackCountry "POL"]
[Result "1-0"]

1. c4 e5 2. Nc3 Nc6 3. g3 g6 4. Bg2 Bg7 5. d3 d6 6. Rb1 a5 7. a3 Nf6 8. Nf3 O-O 
9. O-O Be6 10. b4 axb4 11. axb4 Qc8 12. b5 Ne7 13. b6 c5 14. Ng5 Bd7 
15. Nb5 Bxb5 16. Rxb5 h6 17. Ne4 Nxe4 18. Bxe4 Qd7 19. Bg2 Nc6 20. e3 f5 
21. f4 Kh7 22. Bb2 Ra2 23. Qb1 Rfa8 24. Rb3 exf4 25. gxf4 Nb4 26. d4 Qe7 
27. Kh1 R2a6 28. Bc3 Rxb6 29. e4 fxe4 30. Bxe4 d5 31. dxc5 Bxc3 32. cxb6 dxe4 
33. Rxc3 Ra2 34. Rb3 Rd2 35. Rb2 Nc6 36. Re1 Rxb2 37. Qxb2 e3 38. Qe2 Qe4+ 
39. Kg1 Qxf4 40. Qxe3 Qxc4 41. h3 h5 42. Rd1 Qf7 43. Rd6 Qf5 44. Rd2 Ne5 
45. Rf2 Qb1+ 46. Kg2 Qb5 47. Qe4 Kh6 48. h4 Qc5 49. Re2 Nf7 50. Qe3+ Qxe3 
51. Rxe3 Nd6 52. Re7 
1-0

[Event "34th Chess Olympiad (women)"]
[Site "Istanbul"]
[Date "2000.10.31"]
[Round "4.9.2"]
[White "Radziewicz, Iweta"]
[Black "Voronova, Tatiana"]
[WhiteElo "2379"]
[BlackElo "2278"]
[WhiteCountry "POL"]
[BlackCountry "LAT"]
[Result "1-0"]

1. d4 Nf6 2. c4 c5 3. d5 g6 4. Nc3 Bg7 5. e4 d6 6. Bd3 O-O 7. h3 e6 8. Nf3 Na6 
9. O-O Nc7 10. a4 Re8 11. Bf4 a6 12. Qd2 Rb8 13. Bg5 e5 14. Rab1 Bd7 15. b4 b6 
16. Nh2 cxb4 17. Rxb4 a5 18. Rbb1 Na6 19. Nb5 Qe7 20. Bc2 Nc5 21. f3 Rec8 
22. Ng4 h5 23. Nf2 Bxb5 24. Rxb5 Qe8 25. g4 Kh7 26. Nh1 Ng8 27. Be3 Nd7 
28. Bd3 f6 29. gxh5 Bh6 30. hxg6+ Qxg6+ 31. Kh2 Bxe3 32. Qxe3 Qh6 
33. Qxh6+ Nxh6 34. Rfb1 Rg8 35. Bf1 Rbc8 36. h4 Rg7 37. R5b2 Rf8 38. Bh3 f5 
39. Rg2 Rxg2+ 40. Kxg2 Rc8 41. Ng3 Rxc4 42. Nxf5 Rc2+ 43. Kg1 Nc5 44. Rxb6 Nxf5 
45. Bxf5+ Kh6 46. Bg4 Nxa4 47. Rxd6+ Kg7 48. h5 Nc3 49. h6+ Kh8 50. Bf5 Ne2+ 
51. Kf2 Nd4+ 52. Ke3 Nxf5+ 53. exf5 a4 54. f6 Rc7 55. Ra6 Kh7 56. Ke4 Kxh6 
57. Kxe5 Kg6 58. Rxa4 Rc2 59. Ke6 
1-0

[Event "34th Chess Olympiad (women)"]
[Site "Istanbul"]
[Date "2000.10.31"]
[Round "4.10.1"]
[White "Madl, Ildiko"]
[Black "Tsiganova, Monika"]
[WhiteElo "2418"]
[BlackElo "2225"]
[WhiteCountry "HUN"]
[BlackCountry "EST"]
[Result "1-0"]

1. e4 c5 2. Nf3 d6 3. d4 cxd4 4. Nxd4 Nf6 5. Nc3 Nc6 6. Bg5 e6 7. Qd2 a6 
8. O-O-O Bd7 9. f4 b5 10. Bxf6 gxf6 11. Kb1 b4 12. Nce2 Qb6 13. f5 Nxd4 
14. Nxd4 e5 15. Nb3 Rc8 16. Qe1 a5 17. Nd2 Rc5 18. Nc4 Qc7 19. b3 d5 
20. exd5 Bxf5 21. Qf2 Qd7 22. Be2 Rg8 23. d6 Rc6 24. Bf3 Ra6 25. Nb6 Bxc2+ 
26. Kxc2 Qf5+ 27. Kb2 e4 28. Rd5 Qe6 29. Bxe4 f5 30. Bxf5 Bg7+ 31. Kb1 Qf6 
32. Qe2+ Kd8 33. Qe7+ Qxe7 34. dxe7+ Kc7 35. Nc4 Bf6 36. Re1 
1-0

[Event "34th Chess Olympiad (women)"]
[Site "Istanbul"]
[Date "2000.10.31"]
[Round "4.10.2"]
[White "Fomina, Tatyana"]
[Black "Grabics, Monika"]
[WhiteElo "2266"]
[BlackElo "2363"]
[WhiteCountry "EST"]
[BlackCountry "HUN"]
[Result "1-0"]

1. d4 Nf6 2. Nc3 d5 3. Bg5 Nbd7 4. e3 g6 5. Bd3 Bg7 6. Nf3 c6 7. O-O O-O 
8. Re1 Re8 9. e4 dxe4 10. Bxe4 Nb6 11. h3 Be6 12. Bd3 Qc7 13. Qe2 Rad8 
14. Bh4 Nh5 15. Qe3 h6 16. Ne5 g5 17. Bxg5 hxg5 18. Qxg5 Nf6 19. Re3 Rxd4 
20. Rg3 Ng4 21. Nxg4 Bxg4 22. Rxg4 Rxg4 23. Qxg4 Nd5 24. Ne4 Qe5 25. c3 Nf4 
26. Qf3 Rd8 27. Bc2 f5 28. Ng3 e6 29. Rd1 Rd5 30. Bb3 Rxd1+ 31. Qxd1 Bf8 
32. Qd2 Kf7 33. Qe3 Qxe3 34. fxe3 Nd3 35. Nxf5 Kf6 36. Nd4 e5 37. Ne6 Bd6 
38. g4 a5 39. a4 Nc1 40. g5+ Kf5 41. e4+ Kg6 42. Bc4 Be7 43. h4 Kh5 44. Kg2 b5 
45. axb5 cxb5 46. Bxb5 Nb3 47. Kg3 Kg6 48. Be8+ 
1-0